000 01096pam a2200265 a 4500
999 _c330363
_d330363
001 1493617
003 NUST
005 20170622122056.0
008 880803s1989 nyua bf 001 0 eng
010 _a 88025944
020 _a0070654468 :
_c$49.50
040 _aDLC
_cDLC
_dDLC
050 0 0 _aTA335
_b.T85 1989
082 0 0 _a620.0042 TUM
_219
100 1 _aTuma, Jan J.
_93085
245 1 0 _aHandbook of numerical calculations in engineering :
_bdefinitions, theorems, computer models, numerical examples, tables of formulas, tables of functions /
_cJan J. Tuma.
260 _aNew York :
_bMcGraw-Hill,
_cc1989.
300 _ax, 406 p. :
_bill. ;
_c26 cm.
500 _aIncludes index.
501 _aH.B
504 _aBibliography: p. 396-400.
650 0 _aEngineering mathematics
_xHandbooks, manuals, etc.
_93086
650 0 _aNumerical calculations
_xHandbooks, manuals, etc.
_93087
906 _a7
_bcbc
_corignew
_d1
_eocip
_f19
_gy-gencatlg
942 _2ddc
_cBK
_kIESE